Normal view
MARC view
Entry Uniform Title
001 - CONTROL NUMBER
- control field: 20888
003 - CONTROL NUMBER IDENTIFIER
- control field: ARRUPE
005 - DATE AND TIME OF LATEST TRANSACTION
- control field: 20151104095726.0
008 - FIXED-LENGTH DATA ELEMENTS
- fixed length control field: 151104|| aca||aabn | a|a d
040 ## - CATALOGING SOURCE
- Original cataloging agency: ARRUPE
- Transcribing agency: ARRUPE
130 ## - HEADING--UNIFORM TITLE
- Uniform title: Jesus prayer.
670 ## - SOURCE DATA FOUND
- Source citation: Work cat.: (ARRUPE)0: Behr-Sigel, Elisabeth. 20887, The place of the heart :, 1992.